مكتبة جامعة عجلون الوطنية

فهرس بحث المكتبة

تقييم كفايات معلمي ذوي اضطراب طيف التوحد في ضوء معايير الممارسة المهنية من مجلس الأطفال غير العاديين في عينة أردنية (Record no. 26693)

MARC details
000 -LEADER
fixed length control field 01093nam a2200193Ii 4500
003 - CONTROL NUMBER IDENTIFIER
control field JO-AjNU
008 - FIXED-LENGTH DATA ELEMENTS--GENERAL INFORMATION
fixed length control field 230605s9999||||xx |||||||||||||| ||und||
040 ## - CATALOGING SOURCE
Original cataloging agency JO-AjNU
Language of cataloging ara
Description conventions rda
Transcribing agency JO-AjNU
041 ## - LANGUAGE CODE
Language code of text/sound track or separate title ara
050 14 - LIBRARY OF CONGRESS CALL NUMBER
Classification number RJ506.2015
100 3# - MAIN ENTRY--PERSONAL NAME
Personal name إعداد فاطمة يوسف عوض النجار؛ إشراف سعيد رشيد الأعظمي,
Relator term author
9 (RLIN) 52231
245 00 - TITLE STATEMENT
Title تقييم كفايات معلمي ذوي اضطراب طيف التوحد في ضوء معايير الممارسة المهنية من مجلس الأطفال غير العاديين في عينة أردنية
264 31 - PRODUCTION, PUBLICATION, DISTRIBUTION, MANUFACTURE, AND COPYRIGHT NOTICE
Place of production, publication, distribution, manufacture عمان: جامعة العلوم الإسلامية، 2015
300 ## - PHYSICAL DESCRIPTION
Extent 128ص
Other physical details رسالة جامعية (دكتوراة في الفلسفة في التربية الخاصة )--جامعة العلوم الإسلامية، كلية الدراسات العليا ، قسم التربية الخاصة 2015
336 ## - CONTENT TYPE
Content type term text
Content type code txt
Source rdacontent
337 ## - MEDIA TYPE
Media type term unmediated
Media type code n
Source rdamedia
338 ## - CARRIER TYPE
Carrier type term volume
Carrier type code nc
Source rdacarrier
650 #4 - SUBJECT ADDED ENTRY--TOPICAL TERM
Topical term or geographic name entry element الأطفال التوحديين -- تعليم
9 (RLIN) 52232
Holdings
Withdrawn status Lost status Source of classification or shelving scheme Damaged status Not for loan Home library Current library Shelving location Date acquired Total Checkouts Full call number Barcode Date last seen Price effective from Koha item type
    Library of Congress Classification     مكتبة جامعة عجلون الوطنية مكتبة جامعة عجلون الوطنية المراجع 06/06/2023   RJ506.2015 A23125 06/06/2023 06/06/2023 Reference